000
00358nam a22001217a 4500
003
SGT
082
_a
920
_b
M09S
100
_a
सिन्हा, रविंद्र किशोर
245
_a
महामानव मृत्तुन्जय
260
_b
श्री आनंद वन समाधि
_c
2009
300
_a
412
942
_2
ddc
_c
BK
999
_c
32016
_d
32016